000 00725nam a2200289Ia 4500
005 20260324142759.0
008 008 260324s9999 xx 000 0 eng d
020 _a9781315126791
037 _aEBOOK
040 _aCRL
040 _beng
040 _cCRL
041 _2eng
041 _aeng
084 _qCRL
100 _aAdda B. Bozeman
_91213218
245 0 _aPolitics and Culture in International History
245 0 _bFrom the Ancient Near East to the Opening of the Modern Age
260 _bTaylor and Francis
260 _c1994
365 _a
365 _b230
856 _uhttp://www.taylorfrancis.com/books/9781315126791
942 _cEBOOK
999 _c1817803
_d1817803